| 000 | 00430nam a2200181Ia 4500 | ||
|---|---|---|---|
| 008 | 230725s1994 xx 000 0 und d | ||
| 041 | _aeng | ||
| 082 |
_a611 _bCHA |
||
| 100 | _aCHAURASIA B.D | ||
| 245 | _aHUMAN ANATOMY VOL-I | ||
| 260 |
_aDELHI _bC.B.S. PUBLISHERS & DISTRUTORS _c1994 |
||
| 300 | _a374 | ||
| 365 | _h20% | ||
| 500 | _aTEXT BOOK | ||
| 501 | _aHAP | ||
| 520 | _aPB | ||
| 650 | _aHUMAN ANATOMY & PHYSIOLOGY | ||
| 999 |
_c767194 _d767194 |
||